000 00289nam a22001217a 4500
008 180421b xxu||||| |||| 00| 0 eng d
041 _aeng
080 _a043.3
100 _a0
101 _aSHKI-BA
245 _aThe Difference between T-SQL AND PL/SQL
_cAbdurrahmani, V
942 _2udc
_cBK
999 _c45383
_d45383